Крах "Операции Полония", 1980-1981 гг.: документальный очерк

Dades bibliogràfiques
Autor principal: Трубников В. П. Вадим Пантелеймонович
Idioma:rus
Publicat: Москва, Изд-во агентства печати "Новости", 1985
Edició:2-е изд., доп.
Col·lecció:Библиотечка АПН
Matèries:
Format: MixedMaterials Llibre
KOHA link:https://koha.lib.tpu.ru/cgi-bin/koha/opac-detail.pl?biblionumber=121699

MARC

LEADER 00000nam0a2200000 4500
001 121699
005 20231031125505.0
020 |a RU  |b 85-107354 
035 |a (RuTPU)RU\TPU\book\131791 
090 |a 121699 
100 |a 20070919d1985 m a0rusy5003 ca 
101 0 |a rus 
102 |a RU 
105 |a a z 000zy 
200 1 |a Крах "Операции Полония", 1980-1981 гг.  |e документальный очерк  |f В. П. Трубников 
205 |a 2-е изд., доп. 
210 |a Москва  |c Изд-во агентства печати "Новости"  |d 1985 
215 |a 294 с.  |c ил. 
225 1 |a Библиотечка АПН 
610 1 |a очерки 
610 0 |a империализм 
610 0 |a коммунисты 
610 0 |a контрреволюция 
686 |a Ф3(4П)  |2 rubbk 
700 1 |a Трубников  |b В. П.  |g Вадим Пантелеймонович 
801 0 |a RU  |b RuMRKP  |c 19950704  |g psbo 
801 1 |a RU  |b 63413507  |c 20070919  |g PSBO 
801 2 |a RU  |b 63413507  |c 20080923  |g PSBO 
942 |c BK